000 00195nam a2200073Ia 4500
008 170817s9999 xx 000 0 und d
100 _aArora.G.L.
245 0 _aSelf-Learning Material For Teachers Educators
260 _bN.C.E.R.T.
999 _c38137
_d38137